000 00348nam a2200133Ia 4500
008 230917s9999||||xx |||||||||||||| ||und||
040 _e139335
_aMAIN
041 _aEnglish
082 _a174.03 S48S
245 0 _aSelected judgement on professional ethics
260 _aDelhi
_bBar Council of India Trust
_c2002
300 _a617p p.
942 _cBK
999 _c116243
_d116243